| 000 | 01085cam a2200241 a 4500 | ||
|---|---|---|---|
| 999 |
_c58064 _d58064 |
||
| 001 | 17276152 | ||
| 005 | 20210604120540.0 | ||
| 008 | 120427s2018 nyu 000 0 eng | ||
| 020 | _a9781138814394 | ||
| 041 | _aeng | ||
| 080 | _a159.922.7 W-63 | ||
| 100 | 1 |
_aWhitcomb, Sara A. _911957 |
|
| 245 | 1 | 0 |
_aBehavioral, social, and emotional assessment of children and adolescents / _cby Sara A. Whitcomb. |
| 250 | _aFifth edition | ||
| 264 |
_aNew York : _bRoutledge, _c2018. |
||
| 300 |
_a506 p. ; _c26 cm. |
||
| 653 | _aბავშვთა და მოზარდთა ქცევითი, სოციალური და ემოციური შეფასება | ||
| 653 | _aფსიქოლოგია | ||
| 653 | _aПоведенческая, социальная и эмоциональная оценка детей и подростков | ||
| 653 | _aПсихологические тесты для детей | ||
| 653 | _aფსიქოლოგიური ტესტები ბავშვებისთვის | ||
| 942 |
_2udc _cBK |
||